Медно-золотоносные скарны: генетические и геохимические аспекты образования; Проблемы повышения эффективности производства и использования цветных металлов в народном хозяйстве

Détails bibliographiques
Parent link:Проблемы повышения эффективности производства и использования цветных металлов в народном хозяйстве.— 1989.— С. 15-17
Auteur principal: Коробейников А. Ф. Александр Феопенович
Langue:russe
Publié: 1989
Sujets:
Format: Chapitre de livre
KOHA link:https://koha.lib.tpu.ru/cgi-bin/koha/opac-detail.pl?biblionumber=155523

MARC

LEADER 00000naa2a2200000 4500
001 155523
005 20231031152451.0
035 |a (RuTPU)RU\TPU\book\168701 
090 |a 155523 
100 |a 20090316d1989 k y0rusy50 ca 
101 0 |a rus 
102 |a RU 
200 1 |a Медно-золотоносные скарны: генетические и геохимические аспекты образования  |f А. Ф. Коробейников 
463 0 |0 (RuTPU)RU\TPU\book\168113  |t Проблемы повышения эффективности производства и использования цветных металлов в народном хозяйстве  |o тезисы докладов научно-технической конференции, 18-20 апреля 1989 года  |f отв. ред. Т. В. Будкова  |h Ч. 1  |v С. 15-17  |n [Б. и.]  |d 1989 
610 1 |a труды учёных ТПУ 
700 1 |a Коробейников  |b А. Ф.  |c российский геолог, доктор геолого-минералогических наук  |c профессор Томского политехнического университета  |f 1934-  |g Александр Феопенович  |2 stltpush  |3 (RuTPU)RU\TPU\pers\12688  |4 070 
801 1 |a RU  |b 63413507  |c 20090316  |g PSBO 
801 2 |a RU  |b 63413507  |c 20091209  |g PSBO 
942 |c BK